| 000 | 00561nam a2200193 i 4500 | ||
|---|---|---|---|
| 001 | 128632 | ||
| 003 | ES-MaACL | ||
| 005 | 20230906193330.0 | ||
| 007 | t| | ||
| 008 | 070521s1934 fr ||||1| fre d | ||
| 100 | 1 |
_aTagore, Soumyendranath. _9109072 |
|
| 245 | 1 | 0 |
_aGandhi / _cSoumyendranath Tagore ; traduit de l'anglais par Andhrée Vaillant. |
| 250 | _a8ª ed. | ||
| 260 |
_aParis : _b[Paul Dupont], _c1934. |
||
| 300 |
_a252 p. ; _c19 cm. |
||
| 600 | 1 | 4 |
_aGandhi, Mahatma. _953835 |
| 700 | 1 |
_aVaillant, Andhrée. _9112407 |
|
| 852 |
_aES-MaACL _jA-3181 |
||
| 999 |
_c128632 _d128632 |
||